El Golpe legislativo, dos años después

Na minha lista:
Detalhes bibliográficos
Formato: Texto
Assuntos:
Tags: Adicionar Tag
Sem tags, seja o primeiro a adicionar uma tag!

MARC

LEADER 00000 a a2200000 04500
001 6569
003
040
245 |a El Golpe legislativo, dos años después  
650 |a PARLAMENTO  
650 |a PRACTICA PARLAMENTARIA  
650 |a PARTIDOS POLITICOS  
650 |a GOBIERNO  
773 |g volumen 22, número 996; páginas 4-5  
999 |c 30307  |d 30307